000 00540nam a22001697a 4500
003 PILC
005 20160527110646.0
008 160527b xxu||||| |||| 00| 0 eng d
020 _a9780958160537
050 _aTP 549
_b.Il27 2009
100 _aIland, Patrick.
245 _aA taste of the world of wine /
_cPatrick Iland, Peter Gago, Andrew Caillard, Peter Dry.
260 _aAustralia :
_bPatrick Iland Promotions,
_c2009.
300 _a209 pages :
_billustrations (some color) ;
_c28 cm.
500 _aIncludes index.
942 _2lcc
_cBK
999 _c295007
_d295007